MORPHO PARTIEL S2 - Statistiques

Statistiques générales
  • Ce quiz a été pris 155 fois
    28 depuis la dernière actualisation
  • Le résultat moyen est 28 sur 40
Statistiques - réponses
Question Réponse % Correct
Dans l'oeuvre Leviathan d'Anish Kapoor, certaines surfaces sont à double courbure inverse
100%
Les membranes tendues sont économiques vis à vis du niveau de sophistication des formes
100%
La forme prise par une chaine sous son propre poids est funiculaire
100%
En général, le dispositif qui dépense le moins de matière pour franchir est Le funiculaire
100%
Un point dispose dans l'espace à 3dimensions d'un nombre de degrés de liberté externe = à 3
93%
Mario Salvadori a écrit comment ça tient
93%
Lorsqu'un profil isotrope est sollicité en traction, l'une de ces propositions est fausse, laquelle Il est assujetti au flambement
93%
Laquelle de ces caractéristiques ne correspond pas aux structures textiles tendues le poids propre important
93%
Pour équilibrer un système de forces il existe un nombre de funiculaires = à l'infini
93%
La formule utilisée pour mettre en relation tension et courbure est T=PR
93%
La tension superficielle est la manifestation d'une force à l'échelle Moléculaire
87%
La relation d'isostaticité externe dans l'espace à 3 dimensions est B= 3N-6
87%
Le mode de fonctionnement pour lequel un bâton Relativement élancé est le plus résistant est la traction
87%
Pour rendre le plus efficace un élément structurel, il convient de le placer selon la direction des sollicitations
80%
Un objet non relié à quoi que ce soit dispose dans l'espace à 3 dimensions de 6 degrés de liberté
73%
Une structure antifuniculaire fonctionne en ... Compression
73%
Les surfaces à une seule courbure sont développables
73%
Une membrane ne peut pas être en compression
73%
Semblent avoir particulièrement influencé Buckminster Fuller les squelettes des radiolaires
73%
avec les mêmes matériaux et les mêmes proportions qu'une fourmie de taille "normale une fourmi de 18 mètres peut-elle résister à la gravité non
73%
Si une surface est à courbure moyenne constante = 0 elle ne peut être à double courbure positive
67%
Les ponts suspendus sont des systèmes funiculaires
67%
Laquelle de ces surfaces n'est pas une surface reglée sphère
67%
Laquelle de ces surfaces n'est pas développable sphère
67%
Une structure funiculaire fonctionne en ... Traction
67%
Dans le cas d'un ballon de rugby gonflé, si la paroi est de nature et d'épaisseur constante, la tension dans cette paroi variable
67%
Pour fixer un point dans l'espace à 3 dimensions de façon à résister à des sollicitations extérieures, li faut un nombre de 3
60%
Une rotule (3D) autorise 3 degrés de liberté
60%
Pour rendre isostatique un quadrilatère à 4 articulations, laquelle de ces solutions n'est pas adéquate Ajouter 1 barre bi-articulée parallèle à deux barres existantes
60%
Dans une roue de vélol e s rayons doivent toujours être en tension
60%
Sollicité par des forces perpendiculaires à son plan, une chaine suspendue est instable
53%
Pour stabiliser un point dans l'espace à trois dimensions, laquelle de ces solutions ne fonctionne pas Utiliser un système non précontraint avec 3 tirants
53%
Pour fixer un point dans l'espace à 2 dimensions de façon à résister à des sollicitations extérieures, li faut un nombre de forces de traction = à 3
47%
Les surfaces d'égale pente ne peuvent pas être développables
47%
Lequel de ces artistes a été cité dans le cours concernant les autotendants Ernesto Netto
47%
Un système à 1degré de liberté est Isostatique
47%
Une paire de ciseaux dispose d'un nombre de degrés de liberté internes à= 2
40%
Le rayon de courbure maximal pour une toile tendue (polyester /enduit PVC) est de l'ordre de 5m
40%
Lequel de ces personnages n'a pas revendiqué la paternité des systèmes autotendants David Georges Emmerich
33%
Soumise à des charges de direction variables laquelle de ces membranes peut être en équilibre une toile à simple courbure
20%
Aucun quiz correspondant
Distribution des résultats
% des personnes avec chaque résultat
Percentile par nombre de réponses
Votre historique - résultats
Vous n’avez pas pris ce quiz depuis la dernière actualisation